000 00484nam a22001817a 4500
003 CEME
005 20210628202823.0
008 210118b xxu||||| |||| 00| 0 eng d
020 _a81-203-2964-3
040 _c.
082 _a658.78 CHI
100 _aChitale, A.K, Gupta , R.C
_961791
245 _aMaterials management, text and cases
260 _aNEW DELHI
_bPRENTICE HALL OF INDIA
_c2006
300 _aXII,390 P
650 _aMATERIALS MANAGEMENT.
_919885
942 _cBK
_2ddc
999 _c571121
_d571121